[Event "Siberia Int A"]
[Site "Novosibirsk"]
[Date "2008.07.26"]
[Round "7"]
[White "Novikova, Anna"]
[Black "Verzhansky, Alexander"]
[Result "0-1"]
[WhiteElo "2245"]
[BlackElo "2354"]
[PlyCount "130"]
[EventDate "2008.07.20"]
[EventType "tourn"]
[EventRounds "9"]
[EventCountry "RUS"]
[SourceTitle "EXT 2022"]
[Source "ChessBase"]
[SourceDate "2021.10.06"]
[SourceVersion "1"]
[SourceVersionDate "2021.10.06"]
[SourceQuality "1"]

1. e4 e6 2. d4 d5 3. Nd2 Nf6 4. e5 Nfd7 5. Bd3 c5 6. c3 Nc6 7. Ne2 cxd4 8. cxd4 f6 9. exf6 Nxf6 10. Nf3 Bd6 11. 0-0 Qc7 12. Nc3 a6 13. Re1 0-0 14. Bg5 Ng4 15. Bh4 Bxh2+ 16. Kf1 Bf4 17. Ng5 Bxg5 18. Qxg4 Bxh4 19. Qxh4 g6 20. Ne2 Qf7 21. Rad1 Bd7 22. Kg1 Qf6 23. Qg3 Rf7 24. Bb1 Raf8 25. f4 Ne7 26. Qe3 Nc8 27. g3 Nd6 28. b3 Rg7 29. Rf1 Bb5 30. Kg2 Nf5 31. Bxf5 exf5 32. Rfe1 Re7 33. Qf2 Bxe2 34. Rxe2 Re4 35. Rxe4 fxe4 36. Rc1 g5 37. Rc5 gxf4 38. gxf4 Qxf4 39. Qxf4 Rxf4 40. Rxd5 e3 41. Re5 Rxd4 42. Kf3 Rd2 43. Kxe3 Rxa2 44. Re7 b5 45. Kd4 Rg2 46. Kc5 Rg6 47. b4 h5 48. Re4 Kg7 49. Rh4 Rh6 50. Rd4 h4 51. Rd7+ Kg6 52. Kb6 h3 53. Ka5 Rh5 54. Rd6+ Kg5 55. Rd5+ Kg4 56. Rd4+ Kf3 57. Kxa6 h2 58. Rd1 h1Q 59. Rxh1 Rxh1 60. Kxb5 Ke4 61. Kc6 Rc1+ 62. Kd6 Rb1 63. Kc5 Ke5 64. b5 Rc1+ 65. Kb6 Kd6 0-1

[Event "Izmailov Memorial op 12th"]
[Site "Tomsk"]
[Date "2008.07.01"]
[Round "7"]
[White "Nechepurenko, Roman V"]
[Black "Verzhansky, Alexander"]
[Result "1-0"]
[WhiteElo "2485"]
[BlackElo "2371"]
[PlyCount "27"]
[EventDate "2008.06.25"]
[EventType "swiss"]
[EventRounds "9"]
[EventCountry "RUS"]
[SourceTitle "CBM 125 Extra"]
[Source "ChessBase"]
[SourceDate "2008.09.01"]
[SourceVersion "1"]
[SourceVersionDate "2008.09.01"]
[SourceQuality "1"]

1. d4 d5 2. c4 c6 3. Nc3 Nf6 4. Nf3 dxc4 5. a4 Bg4 6. Ne5 Bh5 7. f3 Nbd7 8. Nxc4 e5 9. Nxe5 Nxe5 10. dxe5 Nd7 11. e4 Bc5 12. Be2 Nxe5 13. Qxd8+ Rxd8 14. g4 1-0

[Event "Izmailov Memorial op 12th"]
[Site "Tomsk"]
[Date "2008.06.26"]
[Round "2"]
[White "Verzhansky, Alexander"]
[Black "Yudin, Sergei"]
[Result "0-1"]
[WhiteElo "2371"]
[BlackElo "2531"]
[PlyCount "102"]
[EventDate "2008.06.25"]
[EventType "swiss"]
[EventRounds "9"]
[EventCountry "RUS"]
[SourceTitle "CBM 125 Extra"]
[Source "ChessBase"]
[SourceDate "2008.09.01"]
[SourceVersion "1"]
[SourceVersionDate "2008.09.01"]
[SourceQuality "1"]

1. d4 Nf6 2. Nf3 c5 3. d5 e6 4. Nc3 exd5 5. Nxd5 Nxd5 6. Qxd5 Be7 7. e4 Nc6 8. Bc4 0-0 9. 0-0 d6 10. c3 Na5 11. Be2 Be6 12. Qd1 h6 13. Bf4 Qb6 14. Qc2 Rad8 15. Rfd1 f5 16. exf5 Bxf5 17. Qc1 d5 18. Bg3 Bf6 19. Bd3 Bg4 20. Re1 Bxf3 21. gxf3 c4 22. Bf1 d4 23. cxd4 Bxd4 24. Rb1 Rxf3 25. Qc2 Qc5 26. Bg2 Rff8 27. Re6 Qf5 28. Re4 Rde8 29. Rd1 Rxe4 30. Bxe4 Qf6 31. b4 cxb3 32. axb3 Kh8 33. Rd2 Nc6 34. Qd1 Be5 35. Bb1 Bxg3 36. hxg3 Ne5 37. Qc2 g6 38. Rd1 Kg7 39. f4 Nc6 40. b4 a6 41. Qc4 Rd8 42. Rxd8 Qxd8 43. Kg2 Qd2+ 44. Kh3 Qxb4 45. Qd3 Ne7 46. Qd7 Kf6 47. Ba2 Qe4 48. Qd6+ Kg7 49. Kh2 Qe2+ 50. Kg1 Qe1+ 51. Kg2 Qxg3+ 0-1

[Event "Izmailov Memorial op 12th"]
[Site "Tomsk"]
[Date "2008.06.25"]
[Round "1"]
[White "Medvedev, Emelian"]
[Black "Verzhansky, Alexander"]
[Result "0-1"]
[WhiteElo "2008"]
[BlackElo "2371"]
[PlyCount "116"]
[EventDate "2008.06.25"]
[EventType "swiss"]
[EventRounds "9"]
[EventCountry "RUS"]
[SourceTitle "CBM 125 Extra"]
[Source "ChessBase"]
[SourceDate "2008.09.01"]
[SourceVersion "1"]
[SourceVersionDate "2008.09.01"]
[SourceQuality "1"]

1. Nf3 Nf6 2. d4 d5 3. c4 c6 4. e3 e6 5. Nbd2 a6 6. Bd3 c5 7. 0-0 Nc6 8. dxc5 Bxc5 9. Nb3 Ba7 10. cxd5 exd5 11. Bd2 Bg4 12. Bc3 0-0 13. h3 Bh5 14. Be2 Ne4 15. Bd4 Bb8 16. Qe1 Qd6 17. g3 Re8 18. Nfd2 Bg6 19. Nxe4 Bxe4 20. Qc3 Qh6 21. h4 Re6 22. h5 Qg5 23. Qe1 Rh6 24. Nc5 Qe7 25. Nxe4 Nxd4 26. exd4 dxe4 27. Rc1 Ba7 28. Qc3 Rd6 29. Qc7 Rd7 30. Qe5 Bxd4 31. Qxe7 Rxe7 32. b3 g6 33. hxg6 hxg6 34. Rc4 Rd8 35. Rfc1 Re6 36. Rc7 Rf6 37. Rf1 b5 38. Re7 Bc5 39. Rxe4 Rd2 40. a4 b4 41. Rc4 Bb6 42. Re4 Rb2 43. a5 Bxa5 44. Bc4 Bb6 45. Re2 Rxe2 46. Bxe2 a5 47. Bc4 Rf3 48. Kg2 Rc3 49. Re1 a4 50. Re7 Rxc4 51. bxc4 a3 52. Re8+ Kg7 53. Ra8 Bc5 54. Ra5 b3 55. Rxc5 a2 56. Ra5 b2 57. Rxa2 b1Q 58. Re2 Qd3 0-1

[Event "Sibiria Region-ch"]
[Site "Novokuznetsk"]
[Date "2008.03.21"]
[Round "9"]
[White "Tilicheev, Viacheslav"]
[Black "Verzhansky, Alexander"]
[Result "1-0"]
[WhiteElo "2137"]
[BlackElo "2357"]
[PlyCount "45"]
[EventDate "2008.03.13"]
[EventType "swiss"]
[EventRounds "9"]
[EventCountry "RUS"]
[SourceTitle "CBM 123 Extra"]
[Source "ChessBase"]
[SourceDate "2008.05.06"]
[SourceVersion "1"]
[SourceVersionDate "2008.05.06"]
[SourceQuality "1"]

1. e4 e6 2. d4 d5 3. e5 c5 4. c3 Nc6 5. Nf3 Qb6 6. a3 Nh6 7. b4 cxd4 8. cxd4 Nf5 9. Bb2 Bd7 10. Nc3 Na5 11. Ra2 Nc4 12. Bxc4 dxc4 13. d5 exd5 14. Nxd5 Qd8 15. Bc3 Ne7 16. Ne3 Qc7 17. Qe2 Be6 18. Nd4 Qxe5 19. 0-0 Nd5 20. Nxd5 Qxd5 21. Nxe6 Qxe6 22. Qd1 Be7 23. Re1 1-0

[Event "Sibiria Region-ch"]
[Site "Novokuznetsk"]
[Date "2008.03.16"]
[Round "4"]
[White "Verzhansky, Alexander"]
[Black "Voinov, Alexandr"]
[Result "1/2-1/2"]
[WhiteElo "2357"]
[BlackElo "2436"]
[PlyCount "58"]
[EventDate "2008.03.13"]
[EventType "swiss"]
[EventRounds "9"]
[EventCountry "RUS"]
[SourceTitle "CBM 123 Extra"]
[Source "ChessBase"]
[SourceDate "2008.05.06"]
[SourceVersion "1"]
[SourceVersionDate "2008.05.06"]
[SourceQuality "1"]

1. c4 Nf6 2. Nc3 c6 3. e4 e5 4. Nf3 d6 5. d4 Nbd7 6. Be2 Be7 7. 0-0 0-0 8. d5 Qc7 9. Be3 a6 10. Rc1 Qb8 11. Ne1 cxd5 12. cxd5 b5 13. f3 Nb6 14. Nc2 Bd7 15. b3 Rc8 16. Qd2 Bd8 17. Nb4 Qb7 18. Rc2 Rab8 19. a4 Na8 20. axb5 axb5 21. Ra1 Bb6 22. Raa2 Qc7 23. Nd1 Qd8 24. Kh1 h6 25. Bxb6 Nxb6 26. Na6 Rb7 27. Qb4 Ne8 28. Nc3 Na8 29. Bf1 Qb6 1/2-1/2